Statistics for Every Taylor Swift Album

Click here to take the quiz!

General Stats

  • This quiz has been taken 240 times
    (57 since last reset)
  • The average score is 14 of 17

Answer Stats

HintAnswer% Correct
2006Taylor Swift
100%
2008Fearless
98%
2019Lover
98%
2010Speak Now
98%
20141989
96%
2020Evermore
96%
2020Folklore
96%
2017Reputation
96%
2022Midnights
94%
2012Red
94%
2024The Tortured Poets Department
78%
20231989 (Taylor's Version)
76%
2021Fearless (Taylor's Version)
73%
2021Red (Taylor's Version)
67%
2023Speak Now (Taylor's Version)
67%
2008Beautiful Eyes
37%
2008Holiday Collection
29%

Score Distribution

Percentile by Number Answered

Percent of People with Each Score

Your Score History

You have not taken this quiz since the last reset